Match the Harry Potter Character to their Item - Statistics

General Stats
  • This quiz has been taken 29 times
  • The average score is 7 of 10
Answer Stats
Hint Answer % Correct
Invisibility cloak Harry Potter
92%
Time turner Hermione Granger
92%
Diary Tom Riddle/ Voldemort
77%
Black sock Dobby
69%
Nimbus 2001 Draco Malfoy
62%
Deluminator Ron Weasley
62%
Elder wand Albus Dumbledore
54%
Silver dager Bellatrix Lestrange
54%
Two way mirror Sirius Black
54%
Invisibility cloak Alastor Moody/ Mad eye moody
38%
No matching quizzes found
Score Distribution
Percent of People with Each Score
Percentile by Number Answered
Your Score History
You have not taken this quiz